Richerche idrografiche eseguite durante il 1916 / (Record no. 96464)

MARC details
000 -LEADER
campo de control de longitud fija 00620nam a2200181 i 4500
001 - NÚMERO DE CONTROL
campo de control 96464
003 - IDENTIFICADOR DE NÚMERO DE CONTROL
campo de control ES-MaACL
005 - FECHA Y HORA DE LA ÚLTIMA TRANSACCIÓN
campo de control 20230906181922.0
007 - CAMPO FIJO DE DESCRIPCIÓN FÍSICA--INFORMACIÓN GENERAL
campo de control de longitud fija t|
008 - DATOS DE LONGITUD FIJA--INFORMACIÓN GENERAL
campo de control de longitud fija 050627s1918 it ||||1| ita d
100 1# - ENTRADA PRINCIPAL--NOMBRE DE PERSONA
Nombre de persona Magrini, Giovanni Piero.
9 (RLIN) 75511
245 10 - MENCIÓN DEL TÍTULO
Título Richerche idrografiche eseguite durante il 1916 /
Mención de responsabilidad, etc. Giovanni Piero Magrini.
260 ## - PUBLICACIÓN, DISTRIBUCIÓN, ETC.
Lugar de publicación, distribución, etc. Venezia :
Nombre del editor, distribuidor, etc. Ufficio Idrografico del R. Magistrato alle Acque,
Fecha de publicación, distribución, etc. 1918.
300 ## - DESCRIPCIÓN FÍSICA
Extensión 207 p., lám. 1-3 (1) neg. y col. ;
Dimensiones 27 cm.
500 ## - NOTA GENERAL
Nota general (1) 8 pleg.
710 2# - ENTRADA AGREGADA--NOMBRE DE ENTIDAD CORPORATIVA
Nombre de entidad corporativa o nombre de jurisdicción como elemento de entrada Ufficio Idrografico del R. Magistrato alle Acque (Venezia)
9 (RLIN) 6996
852 ## - LOCALIZACIÓN
Ubicación ES-MaACL
Número de control de estantería F-2648
Holdings
Estatus retirado Estado de pérdida Estado de daño No para préstamo Biblioteca de origen Biblioteca actual Ubicación en estantería Fecha de adquisición Fuente de adquisición Total de préstamos Signatura topográfica completa Código de barras Visto por última vez Precio de reemplazo Tipo de ítem Koha
        Biblioteca del Ateneo de Madrid Biblioteca del Ateneo de Madrid Depósito 2 17/01/2008     F-2648 1100710 23/02/2023 23/02/2023 Libro impreso